1029 1838 1927 1748 1295 1967 1592 1242 1788 1530 1920 1881 1433 1078 1449 1429 1495 1944 1045 1720 1516 1990 1284 1488 1986 1725 1945 1085 1660 1322 1970 1587 1018 1886 1221 1405 1292 1845 1626 1648 1351 1516 1978 1673 1765 1747 1747 1198 1865 1829 1689 1822 1629 1557 1999 1866 1577 1645 1984 1192 1311 1483 1272 1823 1766 1222 1886 1436 1710 1769 1196 1058 1016 1327 1019 1749 1458 1389 1914 1868 1864 1134 1133 1264 1562 1553 1667 1531 1314 1684 1378 1665 1664 1567 1267 1257 1523 1881 1962 BCNSPRNW ULIB Ver.6.0+V

เปลี่ยนเป็นภาษาไทย

Change to English
 แสดงรายละเอียดบรรณานุกรม
  กลับหน้าหลัก

Brief Record : Get Marc (ISO 2709) : E-mail record : QR code < ปิดหน้าต่าง
LEADER : 00000nam 2200000uu 4500
001    13399110946
003     ULIB
008    110614s||||||||th 000 0 tha d
020    9749441915
020    9789749441916
050  4 AC158^bจ234อ 2549
100 0  จังซิงแซ
245 10 อุบายเฉียบ :^bวิธีพัฒนาตนเองด้วยการรู้จักใช้สติปัญญาวางแผนการ = 39 Tactics for success /^cจังซิงแซ บรรยาย
246 31 39 Tactics for success
250    พิมพ์ครั้งที่ 1
260    กรุงเทพฯ :^bคุณธรรม,^c2549
300    264 หน้า :^bภาพประกอบ ;^c21 ซม.
500    ชื่อเรื่องบนปก: อุบายเฉียบ :วิธีพัฒนาตนเองด้วยการรู้จักใช้สติปัญญาวางแผนการ
650  7 การดำเนินชีวิต
650  7 การพัฒนาตนเอง
650  7 การวางแผนเชิงกลยุทธ์
650  7 การวางแผนเชิงกลยุทธ์^zจีน
650  7 ความสำเร็จ
650  7 ความสำเร็จ^zจีน
945    ^p155^l0^i021745
995    ทศพร
999 ^a ใช้งานได้ทุกระบบ
รายการนี้ยังไม่มีแท็ก
คุณยังไม่ได้ล็อกอิน คุณสามารถมีกิจกรรมร่วมกับเว็บไซต์ได้ แต่ต้องล็อกอินก่อน ::
  ล็อกอิน

รายการสื่อสารสนเทศ

ลำดับที่ ประเภท เลขเรียก/บาร์โค้ด สถานที่ สถานะ
- ไม่พบข้อมูล -

รายการใกล้เคียง
    หัวเรื่อง [การดำเนินชีวิต]
    หัวเรื่อง [การพัฒนาตนเอง]
    หัวเรื่อง [การวางแผนเชิงกลยุทธ์]
    หัวเรื่อง [ความสำเร็จ]

BibComment


ยังไม่เคยถูกคอมเมนท์

คอมเมนท์ทรัพยากรรายการนี้
  คอมเมนท์: อุบายเฉียบ วิธีพ..


 Copyright 2026. Bcnsprnw @Library